<?xml version="1.0" encoding="UTF-8"?>
<record
    xmlns:xsi="http://www.w3.org/2001/XMLSchema-instance"
    xsi:schemaLocation="http://www.loc.gov/MARC21/slim http://www.loc.gov/standards/marcxml/schema/MARC21slim.xsd"
    xmlns="http://www.loc.gov/MARC21/slim">

  <leader>01069    a2200157   4500</leader>
  <datafield tag="999" ind1=" " ind2=" ">
    <subfield code="c">25249</subfield>
    <subfield code="d">25249</subfield>
  </datafield>
  <datafield tag="020" ind1=" " ind2=" ">
    <subfield code="a">9781108416283</subfield>
  </datafield>
  <datafield tag="082" ind1=" " ind2=" ">
    <subfield code="a">320.954</subfield>
    <subfield code="b">GUP-C</subfield>
  </datafield>
  <datafield tag="100" ind1=" " ind2=" ">
    <subfield code="a">Gupta, Sejuti Das </subfield>
  </datafield>
  <datafield tag="245" ind1=" " ind2=" ">
    <subfield code="a">Class, politics and agrarian policies in post-liberalisation India</subfield>
  </datafield>
  <datafield tag="260" ind1=" " ind2=" ">
    <subfield code="b">Cambridge University Press</subfield>
    <subfield code="c">2019</subfield>
    <subfield code="a">Cambridge</subfield>
  </datafield>
  <datafield tag="300" ind1=" " ind2=" ">
    <subfield code="a">xv, 303p.</subfield>
  </datafield>
  <datafield tag="504" ind1=" " ind2=" ">
    <subfield code="a">Includes Bibliography and Index</subfield>
  </datafield>
  <datafield tag="520" ind1=" " ind2=" ">
    <subfield code="a">The book visits the idea of New India, studying how the political economy of India has changed significantly in post-liberalisation India. The book challenges the notion that all farmers in India are in agrarian distress, showing that some classes of farmers have gained under policies; it helps understand why farmer movement has weakened and control of industrial capitalist class has been bolstered. The book discusses the growing presence of petty bourgeoisie with both old and new fractions thriving. Gujarat and Karnataka are instances of these two kinds of fractions.</subfield>
  </datafield>
  <datafield tag="650" ind1=" " ind2=" ">
    <subfield code="a">Social classes</subfield>
    <subfield code="v">Politics and government</subfield>
    <subfield code="v">Agriculture and state</subfield>
    <subfield code="z">India</subfield>
  </datafield>
  <datafield tag="942" ind1=" " ind2=" ">
    <subfield code="2">ddc</subfield>
    <subfield code="c">BK</subfield>
  </datafield>
  <datafield tag="952" ind1=" " ind2=" ">
    <subfield code="0">0</subfield>
    <subfield code="1">0</subfield>
    <subfield code="4">0</subfield>
    <subfield code="7">0</subfield>
    <subfield code="a">NASSDOC</subfield>
    <subfield code="b">NASSDOC</subfield>
    <subfield code="d">2019-09-06</subfield>
    <subfield code="e">OP</subfield>
    <subfield code="g">653.35</subfield>
    <subfield code="i">2019-09-04</subfield>
    <subfield code="l">0</subfield>
    <subfield code="o">320.954 GUP-C</subfield>
    <subfield code="p">50474</subfield>
    <subfield code="r">2019-09-06 00:00:00</subfield>
    <subfield code="v">895.00</subfield>
    <subfield code="w">2019-09-06</subfield>
    <subfield code="y">BK</subfield>
  </datafield>
</record>
